000 00283nam a22001337a 4500
008 181010b xxu||||| |||| 00| 0 eng d
020 _a071671843-X
041 _aeng
080 _23rd
_a575
100 _a5
101 _aBIO
245 _aBiochemistry
_cStryer,L
942 _2udc
_cBK
999 _c49314
_d49314